[Event "2. BUNDESLIGA MITTE 2018/2019"]
[Site "Grieskirchen, Friedberg/Sauwald, St. Veit, Deutschlandsberg"]
[Date "2018.10.20"]
[Round "2"]
[Board "6"]
[White "Ertl, Johann"]
[Black "Postlmayer, Jakob"]
[Result "1-0"]
[WhiteElo "2255"]
[BlackElo "2137"]
[PlyCount "49"]
[EventDate "2018.10.19"]
[EventType "team"]
[EventRounds "11"]
[EventCountry "AUT"]
[WhiteTeam "SC MPOE Maria Saal II"]
[BlackTeam "Freistadt/Wartberg"]

1. e4 {[%emt 0:00:00]} e5 {[%eval 0,0] [%emt 0:00:00]} 2. Nf3 Nf6 3. Nxe5 d6 4.
Nf3 Nxe4 5. Nc3 Nxc3 6. dxc3 Be7 7. Bf4 Nc6 8. Qd2 a6 9. Bd3 Be6 10. O-O h6 11.
a4 g5 12. Be3 Ne5 13. Nd4 Nc4 14. Qe2 Nxe3 15. Qxe3 Bd7 16. f4 c5 17. Ne2 g4
18. f5 Kf8 19. Nf4 Bg5 20. Qg3 Bxf4 21. Qxf4 Bc6 22. f6 Bd5 23. Rae1 Be6 24.
Bf5 Qd7 25. Qxg4  1-0

[Event "2. BUNDESLIGA MITTE 2018/2019"]
[Site "Grieskirchen, Friedberg/Sauwald, St. Veit, Deutschlandsberg"]
[Date "2018.10.20"]
[Round "2"]
[Board "1"]
[White "Schwabeneder, Florian"]
[Black "Gonda, Laszlo"]
[Result "1/2-1/2"]
[WhiteElo "2430"]
[BlackElo "2530"]
[PlyCount "74"]
[EventDate "2018.10.19"]
[EventType "team"]
[EventRounds "11"]
[EventCountry "AUT"]
[WhiteTeam "SPK Grieskirchen/Schallerbach"]
[BlackTeam "ASK St.Valentin"]

1. e4 {[%emt 0:00:00]} e5 2. Nf3 Nc6 {[%emt 0:00:00]} 3. Bb5 Nf6 4. d3 Bc5 5.
O-O Nd4 6. Nxd4 Bxd4 7. c3 Bb6 8. Nd2 c6 9. Ba4 d6 10. Nc4 Bc7 11. Bb3 Be6 12.
Re1 h6 13. Qf3 a5 14. Ne3 a4 15. Bxe6 fxe6 16. Ng4 O-O 17. Nxf6+ Rxf6 18. Qe2
Bb6 19. Be3 Bxe3 20. Qxe3 Qa5 21. Rad1 Qb5 22. Re2 c5 23. Red2 Rc8 24. a3 Qb3
25. f3 Rf7 26. Qf2 Rc6 27. Qh4 Rf6 28. Qg3 Kh7 29. Rf1 Rc8 30. Rfd1 b5 31. Qf2
Rf7 32. Qe3 b4 33. axb4 cxb4 34. cxb4 Rb8 35. Qf2 Rxb4 36. Rc1 Rfb7 37. h4 Rd4
 1/2-1/2

[Event "2. BUNDESLIGA MITTE 2018/2019"]
[Site "Grieskirchen, Friedberg/Sauwald, St. Veit, Deutschlandsberg"]
[Date "2018.10.20"]
[Round "2"]
[Board "2"]
[White "Sandhoefner, Florian"]
[Black "Haba, Petr"]
[Result "1/2-1/2"]
[WhiteElo "2310"]
[BlackElo "2445"]
[PlyCount "65"]
[EventDate "2018.10.19"]
[EventType "team"]
[EventRounds "11"]
[EventCountry "AUT"]
[WhiteTeam "ASK St.Valentin"]
[BlackTeam "SPK Grieskirchen/Schallerbach"]

1. d4 {[%emt 0:00:00]} Nf6 {[%eval 0,0] [%emt 0:00:00]} 2. c4 e6 3. Nf3 Bb4+ 4.
Bd2 Qe7 5. Nc3 b6 6. g3 Bb7 7. Bg2 O-O 8. O-O d6 9. a3 Bxc3 10. Bxc3 Ne4 11.
Qc2 Nxc3 12. Qxc3 Nd7 13. Rfd1 a5 14. b4 axb4 15. axb4 Rfb8 16. Ne1 Bxg2 17.
Nxg2 c5 18. Ne3 Nf6 19. dxc5 dxc5 20. b5 Qb7 21. Qe5 Rc8 22. f3 h6 23. Rxa8
Rxa8 24. Qd6 Qb8 25. g4 Qxd6 26. Rxd6 Rb8 27. h4 Kf8 28. g5 hxg5 29. hxg5 Ke7
30. Rd3 Nd7 31. Ra3 Rh8 32. Ra7 f6 33. Ng4  1/2-1/2

[Event "2. BUNDESLIGA MITTE 2018/2019"]
[Site "Grieskirchen, Friedberg/Sauwald, St. Veit, Deutschlandsberg"]
[Date "2018.10.20"]
[Round "2"]
[Board "3"]
[White "Kilgus, Georg"]
[Black "Hajnal, Zoltan"]
[Result "0-1"]
[WhiteElo "2436"]
[BlackElo "2402"]
[PlyCount "65"]
[EventDate "2018.10.19"]
[EventType "team"]
[EventRounds "11"]
[EventCountry "AUT"]
[WhiteTeam "SPK Grieskirchen/Schallerbach"]
[BlackTeam "ASK St.Valentin"]

1. Nf3 d5 2. g3 Bg4 3. Bg2 Nd7 4. O-O c6 5. d3 Ngf6 6. h3 Bh5 7. g4 Bg6 8. Nh4
e6 9. e3 Bd6 10. f4 Qe7 11. Nd2 O-O-O 12. Ndf3 h6 13. Nxg6 fxg6 14. Bd2 g5 15.
Rb1 e5 16. fxg5 hxg5 17. Nxg5 e4 18. d4 Nf8 19. c4 Ng6 20. cxd5 cxd5 21. Be1
Kb8 22. Rc1 Rdf8 23. Rf5 Nh4 24. Bxh4 Rxh4 25. Qe1 Rhh8 26. Rc2 g6 27. Rf1 Nxg4
28. Rxf8+ Rxf8 29. Nxe4 Bh2+ 30. Kh1 dxe4 31. hxg4 Rh8 32. Qc3 Qh4 33. Qb3  0-1

[Event "2. BUNDESLIGA MITTE 2018/2019"]
[Site "Grieskirchen, Friedberg/Sauwald, St. Veit, Deutschlandsberg"]
[Date "2018.10.20"]
[Round "2"]
[Board "4"]
[White "Heimberger, Reinhard"]
[Black "Singer, Christoph"]
[Result "1-0"]
[WhiteElo "2235"]
[BlackElo "2347"]
[PlyCount "87"]
[EventDate "2018.10.19"]
[EventType "team"]
[EventRounds "11"]
[EventCountry "AUT"]
[WhiteTeam "ASK St.Valentin"]
[BlackTeam "SPK Grieskirchen/Schallerbach"]

1. d4 d5 2. g3 Nf6 3. Bg2 c5 4. c3 cxd4 5. cxd4 Nc6 6. Nf3 Bf5 7. O-O e6 8. Nc3
Bb4 9. Nh4 Bg4 10. h3 Bh5 11. g4 Nd7 12. Nf3 Bg6 13. Bf4 O-O 14. Rc1 Nb6 15.
Na4 Nxa4 16. Qxa4 Qb6 17. Bc7 Qxc7 18. Qxb4 Rfc8 19. Qd2 Qb6 20. Rc3 Ne7 21.
Rfc1 Rxc3 22. Rxc3 Rc8 23. Ne5 Rxc3 24. Qxc3 f6 25. Nxg6 Nxg6 26. e4 Nf4 27.
Qc8+ Kf7 28. exd5 exd5 29. Qd7+ Kf8 30. Bxd5 Nxd5 31. Qxd5 Qxb2 32. Qc5+ Kf7
33. Qxa7 Kg6 34. Qc5 h6 35. Qh5+ Kh7 36. Qf5+ Kh8 37. d5 Qxa2 38. d6 Qa1+ 39.
Kg2 Qd4 40. Qe6 b5 41. d7 Kh7 42. Qe7 Qd5+ 43. Kg3 Qd3+ 44. f3  1-0

[Event "2. BUNDESLIGA MITTE 2018/2019"]
[Site "Grieskirchen, Friedberg/Sauwald, St. Veit, Deutschlandsberg"]
[Date "2018.10.20"]
[Round "2"]
[Board "5"]
[White "Webersberger, Johann"]
[Black "Casagrande, Harald"]
[Result "1-0"]
[WhiteElo "2368"]
[BlackElo "2302"]
[PlyCount "79"]
[EventDate "2018.10.19"]
[EventType "team"]
[EventRounds "11"]
[EventCountry "AUT"]
[WhiteTeam "SPK Grieskirchen/Schallerbach"]
[BlackTeam "ASK St.Valentin"]

1. Nf3 Nf6 2. c4 c5 3. Nc3 b6 4. g3 Bb7 5. Bg2 e6 6. O-O d5 7. cxd5 Nxd5 8.
Nxd5 Qxd5 9. d4 cxd4 10. Qxd4 Qxd4 11. Nxd4 Bxg2 12. Kxg2 a6 13. Be3 Bc5 14.
Rac1 Ke7 15. b4 Bd6 16. Rfd1 Rd8 17. a3 a5 18. Nb5 Na6 19. Bxb6 Rd7 20. Bxa5
Rb8 21. Rc6 Rxb5 22. Rxa6 Bb8 23. Rxd7+ Kxd7 24. Rb6 Rxb6 25. Bxb6 Kc6 26. Bd4
e5 27. Bc5 Kb5 28. Kf3 f5 29. e4 g6 30. g4 fxe4+ 31. Kxe4 Ka4 32. Kd5 Kxa3 33.
b5+ Ka4 34. Kc6 e4 35. b6 Ka5 36. h3 Ka6 37. Be3 h5 38. gxh5 gxh5 39. Kd5 Kb7
40. Kxe4  1-0

[Event "2. BUNDESLIGA MITTE 2018/2019"]
[Site "Grieskirchen, Friedberg/Sauwald, St. Veit, Deutschlandsberg"]
[Date "2018.10.20"]
[Round "2"]
[Board "6"]
[White "Kranzl, Peter"]
[Black "Lentrodt, Thomas"]
[Result "1/2-1/2"]
[WhiteElo "2157"]
[BlackElo "2281"]
[PlyCount "61"]
[EventDate "2018.10.19"]
[EventType "team"]
[EventRounds "11"]
[EventCountry "AUT"]
[WhiteTeam "ASK St.Valentin"]
[BlackTeam "SPK Grieskirchen/Schallerbach"]

1. e4 e6 2. d4 d5 3. Nd2 b6 4. Ngf3 Nf6 5. Bb5+ Bd7 6. Bd3 dxe4 7. Nxe4 Nxe4 8.
Bxe4 Bc6 9. Qd3 Bxe4 10. Qxe4 Qd5 11. Qxd5 exd5 12. Bf4 Na6 13. O-O-O f6 14.
Rhe1+ Kd7 15. Re2 Re8 16. Rxe8 Kxe8 17. h4 h5 18. Ng1 Kd7 19. c3 Nb8 20. Rd3
Nc6 21. Ne2 Nd8 22. Kd1 Ne6 23. Bg3 Bd6 24. Rf3 Be7 25. Nf4 Nxf4 26. Bxf4 c6
27. Ke2 Ke6 28. Re3+ Kf7 29. Rf3 Rd8 30. Re3 Rd7 31. Kd3  1/2-1/2

[Event "2. BUNDESLIGA MITTE 2018/2019"]
[Site "Grieskirchen, Friedberg/Sauwald, St. Veit, Deutschlandsberg"]
[Date "2018.10.20"]
[Round "2"]
[Board "1"]
[White "Schmidt, Peter"]
[Black "Kociscak, Jiri"]
[Result "0-1"]
[WhiteElo "2399"]
[BlackElo "2496"]
[PlyCount "116"]
[EventDate "2018.10.19"]
[EventType "team"]
[EventRounds "11"]
[EventCountry "AUT"]
[WhiteTeam "SPG Sauwald"]
[BlackTeam "SV Steyregg"]

1. d4 d5 2. c4 e6 3. Nf3 c5 4. cxd5 exd5 5. g3 Nc6 6. Bg2 Nf6 7. O-O Be7 8.
dxc5 Bxc5 9. Bg5 O-O 10. Nc3 d4 11. Ne4 Be7 12. Nxf6+ Bxf6 13. Bxf6 Qxf6 14.
Qd2 Bg4 15. h3 Bh5 16. Rac1 Rfe8 17. Rc5 Bg6 18. b4 Rad8 19. b5 Ne5 20. Nh4 d3
21. e3 Rc8 22. Rfc1 Rxc5 23. Rxc5 Qe7 24. Rc1 Qe6 25. Nxg6 hxg6 26. f4 Nc4 27.
Qxd3 Nxe3 28. Re1 Qb6 29. Kh1 Re6 30. a4 Kh7 31. Re2 Qc5 32. Kh2 b6 33. Be4 Qe7
34. Rxe3 f5 35. Kg2 Rxe4 36. Rxe4 fxe4 37. Qd5 Qb4 38. Qd8 Qb2+ 39. Kf1 Qc1+
40. Ke2 Qc2+ 41. Ke3 Qb3+ 42. Kxe4 Qxa4+ 43. Kf3 Qxb5 44. g4 Qb3+ 45. Kg2 Qc2+
46. Kf3 Qc3+ 47. Kg2 Qf6 48. Qa8 Qb2+ 49. Kg3 Qc3+ 50. Kg2 Qd2+ 51. Kf3 Qd3+
52. Kg2 Qe2+ 53. Kg3 Qe3+ 54. Kg2 a5 55. Qf8 Qd2+ 56. Kg3 Qc3+ 57. Kg2 Qf6 58.
Qb8 a4  0-1

[Event "2. BUNDESLIGA MITTE 2018/2019"]
[Site "Grieskirchen, Friedberg/Sauwald, St. Veit, Deutschlandsberg"]
[Date "2018.10.20"]
[Round "2"]
[Board "2"]
[White "Velicka, Petr"]
[Black "Renner, Christoph"]
[Result "1/2-1/2"]
[WhiteElo "2430"]
[BlackElo "2317"]
[PlyCount "98"]
[EventDate "2018.10.19"]
[EventType "team"]
[EventRounds "11"]
[EventCountry "AUT"]
[WhiteTeam "SV Steyregg"]
[BlackTeam "SPG Sauwald"]

1. e4 e5 2. Nf3 Nc6 3. Bc4 Bc5 4. O-O d6 5. c3 Qf6 6. d3 Nge7 7. b4 Bb6 8. a4
a6 9. Be3 O-O 10. Nbd2 Bxe3 11. fxe3 Ng6 12. Qe1 Qe7 13. Qg3 Be6 14. h4 Bxc4
15. Nxc4 f5 16. h5 Nh8 17. Nh4 fxe4 18. dxe4 Qe6 19. Nd2 Ne7 20. c4 Rxf1+ 21.
Rxf1 Rf8 22. Rxf8+ Kxf8 23. Nf5 Qf6 24. Qg4 Nf7 25. Nxe7 Qxe7 26. Qc8+ Nd8 27.
Qf5+ Kg8 28. Qc8 Kf7 29. Qf5+ Kg8 30. Qc8 g6 31. hxg6 hxg6 32. a5 c6 33. Nf3
Kf7 34. Qb8 Kf6 35. Qc8 Nf7 36. Nd2 Kg7 37. Nf3 Kh7 38. Qh3+ Kg8 39. Qc8+ Kg7
40. Kf2 Kh7 41. Ke2 Kg7 42. Kf2 Kf6 43. Nd2 Ng5 44. Ke2 Kg7 45. Kd3 Nh7 46. Ke2
Nf6 47. Qb8 Kf7 48. Qc8 Qd7 49. Qb8 Qe7  1/2-1/2

[Event "2. BUNDESLIGA MITTE 2018/2019"]
[Site "Grieskirchen, Friedberg/Sauwald, St. Veit, Deutschlandsberg"]
[Date "2018.10.20"]
[Round "2"]
[Board "3"]
[White "Testor, Sebastian"]
[Black "Enoeckl, Philipp"]
[Result "1/2-1/2"]
[WhiteElo "2293"]
[BlackElo "2291"]
[PlyCount "68"]
[EventDate "2018.10.19"]
[EventType "team"]
[EventRounds "11"]
[EventCountry "AUT"]
[WhiteTeam "SPG Sauwald"]
[BlackTeam "SV Steyregg"]

1. d4 Nf6 2. Nf3 g6 3. c4 Bg7 4. Nc3 O-O 5. e4 d6 6. h3 e5 7. d5 a5 8. g4 Na6
9. Be3 Nd7 10. a3 Nac5 11. Nd2 Bf6 12. h4 Bxh4 13. Qf3 Bg5 14. Qh3 h5 15. gxh5
Nf6 16. Qg3 Bxe3 17. fxe3 Kg7 18. Be2 Rh8 19. O-O-O Rh6 20. hxg6 Rxg6 21. Qh4
Bd7 22. Rdf1 Kf8 23. Bh5 Nxh5 24. Qxh5 Qg5 25. Qf3 Be8 26. Kc2 Ke7 27. Nb5 Rc8
28. Rh5 Qg4 29. Qf5 Nd7 30. Rh8 Nf6 31. Kd3 c6 32. Nc3 Bd7 33. Qxg4 Rxg4 34.
Rh2 Rcg8  1/2-1/2

[Event "2. BUNDESLIGA MITTE 2018/2019"]
[Site "Grieskirchen, Friedberg/Sauwald, St. Veit, Deutschlandsberg"]
[Date "2018.10.20"]
[Round "2"]
[Board "4"]
[White "Meyer, Gordon"]
[Black "Taggatz, Mario"]
[Result "1-0"]
[WhiteElo "2206"]
[BlackElo "2210"]
[PlyCount "71"]
[EventDate "2018.10.19"]
[EventType "team"]
[EventRounds "11"]
[EventCountry "AUT"]
[WhiteTeam "SV Steyregg"]
[BlackTeam "SPG Sauwald"]

1. e4 c5 2. Nf3 Nc6 3. d4 cxd4 4. Nxd4 e5 5. Nb5 a6 6. Nd6+ Bxd6 7. Qxd6 Qe7 8.
Qd2 Nf6 9. Nc3 d6 10. b3 Be6 11. Nd5 Bxd5 12. exd5 Nb8 13. Be2 O-O 14. O-O Nbd7
15. c4 h6 16. Bb2 Ne4 17. Qc2 f5 18. Bd3 Ndc5 19. b4 Nxd3 20. Qxd3 Rac8 21.
Rac1 Qh4 22. f3 Ng5 23. f4 exf4 24. Qd4 Rf7 25. Rxf4 Qh5 26. Rcf1 Qg6 27. Kh1
Re8 28. Qd3 Re4 29. c5 Rxf4 30. Rxf4 Re7 31. Rf1 Ne4 32. c6 f4 33. Kg1 bxc6 34.
dxc6 Qg5 35. c7 Qf5 36. Qc4+  1-0

[Event "2. BUNDESLIGA MITTE 2018/2019"]
[Site "Grieskirchen, Friedberg/Sauwald, St. Veit, Deutschlandsberg"]
[Date "2018.10.20"]
[Round "2"]
[Board "5"]
[White "Hiermann, Dietmar"]
[Black "Wiesinger, Robert"]
[Result "1-0"]
[WhiteElo "2203"]
[BlackElo "2233"]
[PlyCount "163"]
[EventDate "2018.10.19"]
[EventType "team"]
[EventRounds "11"]
[EventCountry "AUT"]
[WhiteTeam "SPG Sauwald"]
[BlackTeam "SV Steyregg"]

1. e4 {[%emt 0:00:00]} e5 2. Nf3 Nc6 3. Bb5 a6 4. Ba4 Nf6 5. O-O Be7 6. Bxc6
dxc6 7. Qe2 Nd7 8. d4 exd4 9. Nxd4 O-O 10. Rd1 Re8 11. c3 Bf8 12. Bf4 Qh4 13.
g3 Qe7 14. Nd2 Nf6 15. Re1 c5 16. Nc2 b6 17. f3 Nd5 18. Be3 Nxe3 19. Nxe3 Bb7
20. Rad1 g6 21. a3 Rad8 22. Ndf1 Bh6 23. Kf2 b5 24. Rxd8 Rxd8 25. Rd1 Rxd1 26.
Qxd1 c6 27. Ng4 Bg7 28. Qd2 h5 29. Nge3 c4 30. Ng2 Kh7 31. Nfe3 Bc8 32. Nf4 Bh6
33. Neg2 Bg7 34. Ne3 Be5 35. Ne2 Bg7 36. Nf4 Bd7 37. Neg2 Be5 38. Ne2 Bh8 39.
Qe3 Bg7 40. Nd4 Bh6 41. f4 c5 42. Nf3 Bc6 43. Nd2 Qd6 44. Ne1 f6 45. Nef3 Bg7
46. Ke2 a5 47. Kf2 a4 48. Ke2 Kg8 49. h3 Bd7 50. h4 Bc6 51. e5 Qd5 52. exf6
Bxf6 53. Ne5 Bxe5 54. Qxe5 Qg2+ 55. Kd1 Qxg3 56. Qe6+ Kg7 57. Qxc6 Qxf4 58. Qe4
Qh2 59. Kc1 Qg1+ 60. Kc2 Qf2 61. Qe7+ Kh6 62. Qg5+ Kh7 63. Kb1 Qe1+ 64. Ka2 Qd1
65. Ne4 Qb3+ 66. Kb1 Qd1+ 67. Qc1 Qd3+ 68. Qc2 Kg7 69. Qxd3 cxd3 70. Nxc5 Kf6
71. Nxd3 g5 72. hxg5+ Kxg5 73. Kc2 Kg4 74. Kd2 Kg3 75. Ke3 h4 76. Nf4 Kg4 77.
Nd3 Kg3 78. Nf4 Kg4 79. Ke4 Kg3 80. Kf5 Kf3 81. Ne6 Ke3 82. Ke5  1-0

[Event "2. BUNDESLIGA MITTE 2018/2019"]
[Site "Grieskirchen, Friedberg/Sauwald, St. Veit, Deutschlandsberg"]
[Date "2018.10.20"]
[Round "2"]
[Board "6"]
[White "Raber, Florian"]
[Black "Hellmayr, Alois"]
[Result "0-1"]
[WhiteElo "2121"]
[BlackElo "2283"]
[PlyCount "93"]
[EventDate "2018.10.19"]
[EventType "team"]
[EventRounds "11"]
[EventCountry "AUT"]
[WhiteTeam "SV Steyregg"]
[BlackTeam "SPG Sauwald"]

1. d4 Nf6 2. Nf3 e6 3. e3 c5 4. Bd3 Nc6 5. c3 Qc7 6. O-O Be7 7. Nbd2 b6 8. e4
cxd4 9. cxd4 Nb4 10. Bb1 Ba6 11. Re1 Rc8 12. a3 Nc2 13. Bxc2 Qxc2 14. Qxc2 Rxc2
15. d5 Nh5 16. Nd4 Rc8 17. N2f3 O-O 18. e5 g6 19. d6 Bd8 20. Bh6 Ng7 21. a4 f6
22. Nb5 Rc2 23. Nc7 Bxc7 24. Bxg7 Kxg7 25. exf6+ Kxf6 26. dxc7 Rxc7 27. Ne5 Ke7
28. Rad1 d6 29. Nf3 e5 30. Ng5 Rc2 31. Ne4 Rd8 32. f4 Bb7 33. fxe5 dxe5 34.
Rxd8 Kxd8 35. b3 Ke7 36. g3 h5 37. h4 Ke6 38. Ng5+ Kf5 39. Rf1+ Kg4 40. Rf2
Rc1+ 41. Rf1 Rxf1+ 42. Kxf1 Kxg3 43. Nf7 Kxh4 44. Nxe5 g5 45. b4 Kg3 46. b5 Kh2
47. Nd7  0-1

[Event "2. BUNDESLIGA MITTE 2018/2019"]
[Site "Grieskirchen, Friedberg/Sauwald, St. Veit, Deutschlandsberg"]
[Date "2018.10.20"]
[Round "2"]
[Board "1"]
[White "Heinemann, Thies"]
[Black "Korpa, Bence"]
[Result "1-0"]
[WhiteElo "2509"]
[BlackElo "2503"]
[PlyCount "129"]
[EventDate "2018.10.19"]
[EventType "team"]
[EventRounds "11"]
[EventCountry "AUT"]
[WhiteTeam "EJ Gleisdorf"]
[BlackTeam "SPG Fuerstenfeld/Hartberg"]

1. e4 e5 2. Nf3 Nf6 3. Nc3 Nc6 4. d4 exd4 5. Nxd4 Bb4 6. Nxc6 bxc6 7. Bd3 d5 8.
exd5 O-O 9. O-O Bg4 10. Be2 Bxe2 11. Nxe2 cxd5 12. Ng3 Qd7 13. Bf4 Rfe8 14. Qf3
Qg4 15. Qxg4 Nxg4 16. Rad1 c6 17. c4 Rad8 18. cxd5 Rxd5 19. Rxd5 cxd5 20. h3
Nf6 21. Be3 a5 22. Rc1 Ne4 23. Nxe4 dxe4 24. g4 g6 25. g5 Bf8 26. Rc4 h6 27. h4
hxg5 28. hxg5 Bg7 29. b3 f6 30. gxf6 Bxf6 31. Kg2 Kf7 32. Kg3 Re6 33. Kg4 Be7
34. Bd2 Bd8 35. Be3 Be7 36. Rc7 Ke8 37. Rb7 Bd8 38. a4 Be7 39. Rb5 Bb4 40. Bb6
Be1 41. Kf4 Bd2+ 42. Be3 Bb4 43. Rb7 Bd6+ 44. Kg4 Bb4 45. Kg3 Rd6 46. Kf4 Rd3
47. Kxe4 Rxb3 48. Kd5 Rd3+ 49. Ke6 Rd6+ 50. Ke5 Rc6 51. Rb6 Rxb6 52. Bxb6 Ke7
53. f3 Kd7 54. Kd5 g5 55. Be3 Be7 56. Bd2 Bd8 57. Kc5 Ke6 58. Kb5 Kf5 59. Bxa5
Bf6 60. Bd2 Bd8 61. Be3 Bc7 62. Bb6 Bb8 63. a5 Kf4 64. a6 Kxf3 65. Kc6  1-0

[Event "2. BUNDESLIGA MITTE 2018/2019"]
[Site "Grieskirchen, Friedberg/Sauwald, St. Veit, Deutschlandsberg"]
[Date "2018.10.20"]
[Round "2"]
[Board "2"]
[White "Freitag, Manfred"]
[Black "Frosch, Ronald"]
[Result "1-0"]
[WhiteElo "2357"]
[BlackElo "2284"]
[PlyCount "102"]
[EventDate "2018.10.19"]
[EventType "team"]
[EventRounds "11"]
[EventCountry "AUT"]
[WhiteTeam "SPG Fuerstenfeld/Hartberg"]
[BlackTeam "EJ Gleisdorf"]

1. e4 c6 2. Nc3 d5 3. Nf3 dxe4 4. Nxe4 Nf6 5. Nxf6+ exf6 6. d4 Bd6 7. Be2 O-O
8. O-O Re8 9. Re1 Nd7 10. Be3 Nf8 11. Qd2 Bf5 12. c4 Ng6 13. b4 Be4 14. Rad1
Qd7 15. d5 cxd5 16. c5 Bc7 17. Nd4 Bxg2 18. f4 Be4 19. f5 Ne5 20. Bb5 Nc6 21.
Bf4 Re7 22. Qf2 Rae8 23. Re3 Bxf4 24. Qxf4 Qc7 25. Qd6 Nxd4 26. Bxe8 Nxf5 27.
Qxc7 Rxc7 28. Ree1 g5 29. Ba4 Nh4 30. Kf2 Nf3 31. Re3 Nxh2 32. Kg3 f5 33. Kxh2
f4 34. Red3 Bxd3 35. Rxd3 Re7 36. Rxd5 h6 37. Bd1 Kg7 38. b5 Re3 39. Rd7 Rc3
40. Bb3 Rxc5 41. Rxb7 g4 42. Rxf7+ Kg6 43. Rxf4 Kg5 44. Rf7 Rxb5 45. Kg3 h5 46.
Rg7+ Kh6 47. Rxa7 Kg5 48. Rg7+ Kf6 49. Rg8 Ke7 50. Kh4 Kd6 51. Rg6+ Ke5  1-0

[Event "2. BUNDESLIGA MITTE 2018/2019"]
[Site "Grieskirchen, Friedberg/Sauwald, St. Veit, Deutschlandsberg"]
[Date "2018.10.20"]
[Round "2"]
[Board "3"]
[White "Wanderer, Thomas"]
[Black "Csonka, Attila"]
[Result "0-1"]
[WhiteElo "2225"]
[BlackElo "2375"]
[PlyCount "90"]
[EventDate "2018.10.19"]
[EventType "team"]
[EventRounds "11"]
[EventCountry "AUT"]
[WhiteTeam "EJ Gleisdorf"]
[BlackTeam "SPG Fuerstenfeld/Hartberg"]

1. Nf3 Nf6 2. c4 e6 3. g3 d5 4. b3 b6 5. Bg2 Bb7 6. O-O Be7 7. Bb2 O-O 8. e3 c5
9. Qe2 Nc6 10. Rd1 Qc7 11. Nc3 Rac8 12. cxd5 Nxd5 13. Nxd5 exd5 14. d4 c4 15.
bxc4 Ba6 16. Nd2 dxc4 17. Qh5 Bb4 18. Rac1 Bxd2 19. Rxd2 Nb4 20. d5 f5 21. Ba1
Qd7 22. e4 Nd3 23. Rc3 Rce8 24. Rcxd3 cxd3 25. e5 Rc8 26. Qd1 Rc5 27. d6 Rfc8
28. Bb2 Qe6 29. Bf1 Qxa2 30. Qh5 Qf7 31. Qg5 h6 32. Qe3 Qd5 33. f4 Bb7 34. Qxd3
Qh1+ 35. Kf2 Be4 36. Qb3+ Bd5 37. Qd3 Rc2 38. d7 Rxd2+ 39. Qxd2 Qxh2+ 40. Ke3
Qg1+ 41. Qf2 Qxf2+ 42. Kxf2 Rd8 43. Bb5 Be6 44. Ba3 Kf7 45. Bd6 Bxd7  0-1

[Event "2. BUNDESLIGA MITTE 2018/2019"]
[Site "Grieskirchen, Friedberg/Sauwald, St. Veit, Deutschlandsberg"]
[Date "2018.10.20"]
[Round "2"]
[Board "4"]
[White "Kiss, Attila"]
[Black "Manhardt, Thomas"]
[Result "1/2-1/2"]
[WhiteElo "2329"]
[BlackElo "2264"]
[PlyCount "114"]
[EventDate "2018.10.19"]
[EventType "team"]
[EventRounds "11"]
[EventCountry "AUT"]
[WhiteTeam "SPG Fuerstenfeld/Hartberg"]
[BlackTeam "EJ Gleisdorf"]

1. d4 f5 2. e4 fxe4 3. Nc3 Nf6 4. Bg5 Nc6 5. d5 Ne5 6. Qe2 c6 7. O-O-O cxd5 8.
Nxd5 e6 9. Nc3 Nf7 10. Bh4 Be7 11. Nxe4 O-O 12. Nf3 d5 13. Neg5 Ne4 14. Nxf7
Rxf7 15. Bxe7 Qxe7 16. Qe3 Qf8 17. Bd3 Rf4 18. Rhe1 Qf6 19. Bxe4 Rxe4 20. Qd3
Rxe1 21. Rxe1 Bd7 22. Ne5 Be8 23. Qe3 b6 24. h3 Bf7 25. f4 Rc8 26. Re2 h6 27.
g3 Re8 28. Qd3 Kh8 29. Rf2 Rc8 30. c3 Be8 31. Re2 b5 32. Qd4 a5 33. Nf3 Qg6 34.
g4 b4 35. Rc2 Rc4 36. Ne5 Qxc2+ 37. Kxc2 Rxd4 38. cxd4 Ba4+ 39. Kd2 Kg8 40. a3
bxa3 41. bxa3 Kf8 42. g5 Ke7 43. h4 Be8 44. Kc3 Kd6 45. Kb3 Ke7 46. Kb2 Bb5 47.
Kc3 Be8 48. Kd2 Kd6 49. Ng4 Ke7 50. Ke3 Bh5 51. Ne5 Be8 52. Kd2 Kd6 53. Kc3 Ke7
54. Kb3 Bb5 55. Ng6+ Kf7 56. Ne5+ Ke7 57. Kc3 Be8  1/2-1/2

[Event "2. BUNDESLIGA MITTE 2018/2019"]
[Site "Grieskirchen, Friedberg/Sauwald, St. Veit, Deutschlandsberg"]
[Date "2018.10.20"]
[Round "2"]
[Board "5"]
[White "Wegerer, Fred"]
[Black "Kuba, Guenter"]
[Result "1/2-1/2"]
[WhiteElo "2182"]
[BlackElo "2329"]
[PlyCount "62"]
[EventDate "2018.10.19"]
[EventType "team"]
[EventRounds "11"]
[EventCountry "AUT"]
[WhiteTeam "EJ Gleisdorf"]
[BlackTeam "SPG Fuerstenfeld/Hartberg"]

1. Nf3 {[%emt 0:00:00]} f5 2. b3 d6 3. d4 g6 4. Bb2 Bg7 5. Nbd2 Nf6 6. c4 O-O
7. Qc2 c6 8. e3 Qc7 9. Bd3 c5 10. d5 e5 11. dxe6 Bxe6 12. Ng5 Bd7 13. Rd1 Nc6
14. Be2 Rad8 15. Nh3 Rfe8 16. Nf4 Ne5 17. Nf3 Bc6 18. O-O Ne4 19. h3 Qf7 20.
Nd5 b6 21. Nxe5 dxe5 22. Bf3 Bxd5 23. cxd5 Nd6 24. e4 Rd7 25. Rfe1 Nxe4 26.
Bxe4 fxe4 27. Qxe4 Red8 28. Bxe5 Bxe5 29. Qxe5 Rxd5 30. Rxd5 Rxd5 31. Qe3 Rd7
 1/2-1/2

[Event "2. BUNDESLIGA MITTE 2018/2019"]
[Site "Grieskirchen, Friedberg/Sauwald, St. Veit, Deutschlandsberg"]
[Date "2018.10.20"]
[Round "2"]
[Board "6"]
[White "Toelly, Michael"]
[Black "Sandner, Wolfgang"]
[Result "0-1"]
[WhiteElo "2092"]
[BlackElo "2239"]
[PlyCount "80"]
[EventDate "2018.10.19"]
[EventType "team"]
[EventRounds "11"]
[EventCountry "AUT"]
[WhiteTeam "SPG Fuerstenfeld/Hartberg"]
[BlackTeam "EJ Gleisdorf"]

1. c4 Nf6 2. Nc3 g6 3. d4 Bg7 4. e4 d6 5. Nf3 O-O 6. Be2 Na6 7. O-O c5 8. Bg5
cxd4 9. Nxd4 Nc5 10. f3 Ne6 11. Be3 Bd7 12. Qd2 Re8 13. Rae1 Nxd4 14. Bxd4 Qa5
15. Bd3 Bc6 16. a3 a6 17. Qf2 Nd7 18. f4 Bxd4 19. Qxd4 Qc5 20. Qxc5 Nxc5 21.
Bc2 Rac8 22. b4 Ne6 23. Rd1 b5 24. f5 Nf8 25. f6 Bb7 26. Bb3 exf6 27. Rxf6 bxc4
28. Ba4 Re5 29. Rfxd6 Kg7 30. Rb6 Bxe4 31. Rxa6 Bd3 32. b5 Ne6 33. b6 Rb8 34.
Ra7 Rxb6 35. Be8 Ng5 36. h4 Rxe8 37. hxg5 Rb2 38. Rc1 Re5 39. Nd1 Re1+ 40. Kh2
Rd2  0-1

[Event "2. BUNDESLIGA MITTE 2018/2019"]
[Site "Grieskirchen, Friedberg/Sauwald, St. Veit, Deutschlandsberg"]
[Date "2018.10.20"]
[Round "2"]
[Board "1"]
[White "Perunovic, Milos"]
[Black "Wertjanz, David"]
[Result "1-0"]
[WhiteElo "2600"]
[BlackElo "2311"]
[PlyCount "43"]
[EventDate "2018.10.19"]
[EventType "team"]
[EventRounds "11"]
[EventCountry "AUT"]
[WhiteTeam "SC Pinggau-Friedberg"]
[BlackTeam "SC Die Klagenfurter"]

1. e4 {[%emt 0:00:00]} c5 2. Nf3 d6 3. d4 cxd4 4. Qxd4 e5 5. Qd1 h6 6. Bc4 Nf6
7. Nc3 Be7 8. O-O O-O 9. Nh4 Nxe4 10. Nxe4 Bxh4 11. Nxd6 Qc7 12. b3 Be6 13.
Bxe6 fxe6 14. Ne4 Qe7 15. Qg4 Kh8 16. a4 Rf5 17. Ba3 Qc7 18. Qxh4 Rf4 19. Qh5
Rxe4 20. Qe8+ Kh7 21. Rad1 Qc6 22. Rd8  1-0